V. I. Lê-Nin : Toàn tập
Enregistré dans:
| Auteur principal: | |
|---|---|
| Format: | Livre |
| Langue: | Undetermined |
| Publié: |
Hà Nội
Tiến Bộ
1976
|
| Sujets: | |
| Tags: |
Ajouter un tag
Pas de tags, Soyez le premier à ajouter un tag!
|
| Thư viện lưu trữ: | Trung tâm Học liệu Trường Đại học Cần Thơ |
|---|
| LEADER | 00477nam a2200181Ia 4500 | ||
|---|---|---|---|
| 001 | CTU_154553 | ||
| 008 | 210402s9999 xx 000 0 und d | ||
| 082 | |a 335.43 | ||
| 082 | |b L563 | ||
| 100 | |a Lenin, Vladimir Ilich | ||
| 245 | 0 | |a V. I. Lê-Nin : | |
| 245 | 0 | |b Toàn tập | |
| 245 | 0 | |c Vladimir Ilyich Lenin | |
| 260 | |a Hà Nội | ||
| 260 | |b Tiến Bộ | ||
| 260 | |c 1976 | ||
| 650 | |a Communism | ||
| 980 | |a Trung tâm Học liệu Trường Đại học Cần Thơ | ||